01588cam a2200181 a 4500020001800000020001600018082001600034245014300050260003900193300001700232504005100249520096100300650001401261650003701275650003001312700003101342700003301373 a9781845456245 a1845456246 00a303.6bREM-00aRemembering violence :banthropological perspectives on intergenerational transmission /cedited by Nicolas Argenti and Katharina Schramm. aNew York :bBerghahn Books,c2010. a270p.:bill. aIncludes bibliographical references and index. aPsychologists have done a great deal of research on the effects of trauma on the individual, revealing the paradox that violent experiences are often secreted away beyond easy accessibility, becoming impossible to verbalize explicitly. However, comparatively little research has been done on the transgenerational effects of trauma and the means by which experiences are transmitted from person to person across time to become intrinsic parts of the social fabric. With eight contributions covering Africa, Central and South America, China, Europe, and the Middle East, this volume sheds new light on the role of memory in constructing popular histories – or historiographies – of violence in the absence of, or in contradistinction to, authoritative written histories. It brings new ethnographic data to light and presents a truly cross-cultural range of case studies that will greatly enhance the discussion of memory and violence across disciplines. 0aViolence. 0aIntergenerational communication. 0aMemory.vEthnopsychology.1 aArgenti, Nicolas.eeditor.1 aSchramm, Katharina.eeditor.